LEADER 01862nam0 22003853i 450 001 TO00021918 005 20231121125832.0 010 $a3886120201 100 $a20010326d1987 ||||0itac50 ba 101 | $alat 102 $ade 181 1$6z01$ai $bxxxe 182 1$6z01$an 200 1 $aArengenverzeichnis zu den Königs- und Kaiserurkunden von den Merowingern bis Heinrich 6.$fzusammengestellt von Friedrich Hausmann und Alfred Gawlik 210 $aMünchen$cMonumenta Germaniae historica$d1987 215 $aXII, 838 p.$d22 cm. 225 | $aMonumenta Germaniae historica$i. Hilfsmittel$v9 410 0$1001BVE0003215$12001 $aMonumenta Germaniae historica$i. Hilfsmittel$v9 606 $aSovrani tedeschi$xAtti e documenti$xFormule$xSec. 5.-12.$2FIR$3RMLC407165$9I 606 $aDiplomatica medievale tedesca$2FIR$3RMLC240259$9I 676 $a943.01$9$v21 702 1$aHausmann$b, Friedrich$3BVEV011572 702 1$aGawlik$b, Alfred$3BVEV011573 801 3$aIT$bIT-01$c20010326 850 $aIT-RM028 $aIT-RM0459 $aIT-FR0084 $aIT-RM0151 $aIT-FR0017 899 $aBiblioteca Universitaria Alessandrina$bRM028 899 $aARCHIVIO DI STATO DI ROMA$bRM0459 899 $aBiblioteca Del Monumento Nazionale Di Montecassino$bFR0084 899 $aBiblioteca Istituto Storico Italiano Medio Evo - I$bRM0151 899 $aBiblioteca umanistica Giorgio Aprea$bFR0017 912 $aTO00021918 950 0$aBiblioteca umanistica Giorgio Aprea$d 52CIS MGH I 9$e 52VM 0000408885 VM barcode:00007806. - Inventario:1971 FLSVM$fB $h20040308$i20121204 977 $a 01$a 12$a 25$a 41$a 52 996 $aArengenverzeichnis zu den Konigs- und Kaiserurkunden von den Merowingern bis Heinrich 6$982855 997 $aUNICAS LEADER 02366nam0 2200397 i 450 001 TO01029107 005 20231121125843.0 010 $a8879889257 100 $a20020509d2001 ||||0itac50 ba 101 | $aita$amul 102 $ait 181 1$6z01$ai $bxxxe 182 1$6z01$an 200 1 $aAlle frontiere della cristianità: i frati mendicanti e l'evangelizzazione tra '200 e '300$eatti del 28. Convegno internazionale, Assisi, 12-14 ottobre 2000$fSocietà internazionale di studi francescani, Centro interuniversitario di studi francescani 210 $aSpoleto$cCentro italiano di studi sull'alto Medioevo$d2001 215 $aX, 311 p.$d23 cm. 225 | $aAtti dei convegni della Società internazionale di studi francescani e del Centro interuniversitario di studi francescani.$i Nuova serie$v11 410 0$1001TO00075237$12001 $aAtti dei convegni della Società internazionale di studi francescani e del Centro interuniversitario di studi francescani.$i Nuova serie$v11$171202$aSocietà internazionale di studi francescani$3CFIV021323 606 $aCongressi$xAssisi$x2000$2FIR$3RMLC410759$9I 606 $aOrdini mendicanti$xEvangelizzazione$xSec. 13.-14.$xCongressi$x2000$2FIR$3RMLC410760$9I 606 $aEvangelizzazione$xSec. 13.-14.$2FIR$3RMLC181243$9I 606 $aOrdini mendicanti$xSec. 13.-14.$xCongressi Assisi 2000$2FIR$3RMLC187898$9I 676 $a271.06$9$v21 710 02$aSocietà internazionale di studi francescani$3CFIV021323$4070$0167009 711 02$aCentro interuniversitario di studi francescani$3TO0V043484$4070$0167010 801 3$aIT$bIT-01$c20020509 850 $aIT-RM0281 $aIT-RM0249 $aIT-RM0151 $aIT-FR0017 899 $aBIBLIOTECA VALLICELLIANA$bRM0281 899 $aSOCIETA' ROMANA DI STORIA PATRIA$bRM0249 899 $aBiblioteca Istituto Storico Italiano Medio Evo - I$bRM0151 899 $aBiblioteca umanistica Giorgio Aprea$bFR0017 912 $aTO01029107 950 0$aBiblioteca umanistica Giorgio Aprea$d 52CIS SPOLETO R 11$e 52VM 0000524035 VM barcode:00021065. - Inventario:27493 FLSVM$fA $h20050131$i20121204 977 $a 08$a 11$a 41$a 52 996 $aAlle frontiere della cristianità: i frati mendicanti e l'evangelizzazione tra '200 e '300$93638517 997 $aUNICAS LEADER 02083oas 2200721 a 450 001 9910146012603321 005 20260218112214.0 011 $a1942-9193 035 $a(DE-599)ZDB2015697-2 035 $a(OCoLC)64584105 035 $a(CONSER) 2008228658 035 $a(CKB)1000000000428584 035 $a(DE-599)2015697-2 035 $a(EXLCZ)991000000000428584 100 $a20060309a19989999 sy a 101 0 $aeng 135 $aurcnu|||||||| 181 $ctxt$2rdacontent 182 $cc$2rdamedia 183 $acr$2rdacarrier 200 00$aGonzaga journal of international law 210 $aSpokane, WA $cGonzaga School of Law$d[1997]- 330 $aA practice-oriented international law journal; includes articles, essays, comments and notes from practicing attorneys, law professors, law students, business people, government officials; also includes reviews, trade information and links for the study of international law. 517 1 $aGJIL 517 1 $aGonz. J. Int'l L. 606 $aInternational law$vPeriodicals 606 $aDroit international$vPe?riodiques 606 $aInternational law$2fast$3(OCoLC)fst00976984 606 $aInternationaal recht$2gtt 608 $aPeriodicals.$2fast 608 $aInternet resources.$2gtlm 608 $aPeriodicals.$2lcgft 615 0$aInternational law 615 6$aDroit international 615 7$aInternational law. 615 17$aInternationaal recht. 676 $a340 712 02$aGonzaga University.$bSchool of Law. 801 0$bONA 801 1$bONA 801 2$bONA 801 2$bMUQ 801 2$bZBL 801 2$bDOS 801 2$bDLC 801 2$bNLGGC 801 2$bOCLCQ 801 2$bGPM 801 2$bOCLCF 801 2$bOCLCQ 801 2$bUEJ 801 2$bAU@ 801 2$bVT2 801 2$bBWN 801 2$bTXQ 801 2$bOCLCQ 801 2$bAUD 801 2$bOCLCL 801 2$bOCLCQ 906 $aJOURNAL 912 $a9910146012603321 996 $aGonzaga journal of international law$91963175 997 $aUNINA